Jesús en América Latina: su significado para la fe y la cristología
Uloženo v:
| Hlavní autor: | |
|---|---|
| Médium: | Kniha |
| Jazyk: | španělština |
| Vydáno: |
Santander
Sal Terrae
1982
|
| Vydání: | 2a. ed |
| Edice: | Colección Presencia Teológica, 12
|
| Témata: | |
| Tagy: |
Přidat tag
Žádné tagy, Buďte první, kdo vytvoří štítek k tomuto záznamu!
|
MARC
| LEADER | 00000cam a2200000 a 4500 | ||
|---|---|---|---|
| 001 | UCX0173 | ||
| 003 | CL-VaPUC | ||
| 008 | 890823e19820000SP |||||||||||||||||spa|d | ||
| 020 | |a 8429306412 | ||
| 082 | 0 | 4 | |a 261.8 |b SOB |2 21 |
| 100 | 0 | |a Sobrino, Jon |e author |9 315568 | |
| 245 | 1 | 0 | |a Jesús en América Latina: su significado para la fe y la cristología |
| 250 | |a 2a. ed | ||
| 300 | |a 261 p | ||
| 942 | |c BK | ||
| 945 | |d 19890823 00:00:00 | ||
| 260 | |a Santander |b Sal Terrae |c 1982 | ||
| 650 | 0 | |a Teología de la liberación |9 255471 | |
| 650 | 0 | |a Religión |9 255164 | |
| 651 | 0 | |a América Latina |9 255027 | |
| 583 | |a last modification |c 20150528 12:36:02 |k Rodrigo Vera | ||
| 490 | 0 | |a Colección Presencia Teológica, 12 | |
| 999 | |c 221870 |d 221868 | ||
| 952 | |0 0 |1 0 |4 0 |6 261_800000000000000_SOB_1982 |7 0 |8 A |9 215869 |a BIBTEO |b BIBTEO |d 2019-11-15 |i 2844133 |l 1 |o 261.8 SOB 1982 |p 2844133 |r 2025-01-17 |s 2024-10-15 |w 2019-11-15 |y BK |k ICR | ||
| 952 | |0 0 |1 0 |4 0 |6 261_800000000000000_SOB_1982 |7 0 |8 A |9 215870 |a BIBTEO |b BIBTEO |d 2019-11-15 |i 2844141 |l 1 |o 261.8 SOB 1982 |p 2844141 |r 2025-01-17 |s 2022-06-22 |w 2019-11-15 |y BK |k ICR | ||
| 952 | |0 0 |1 0 |3 erb |4 0 |6 261_800000000000000_SOB_1982 |7 0 |8 A |9 215871 |a BIBTEO |b BIBTEO |e Casale Rolle, Carlos Ignacio, -2014 |i 5182255 |o 261.8 SOB 1982 |p 5182255 |r 2025-01-17 |w 2019-11-15 |y BK |z Catalogado en:20150605 |k ICR | ||